Sbírka pramenův ku poznání literárního života v Čechách, na Moravě a v Slezku

Bibliographic Details
Format: Book
Language:Undetermined
Published: Praha III.třída české akademie císaře Františka Josefa 1897

MARC

LEADER 00000nam a2200000 a 4500
001 vtls001335674
003 SK-MaSNL
005 20260224064343.0
008 180810s1897 xx 0 und
035 |a SNK000288647 
040 |a SNK  |b slo  |c SNK  |e AACR2 
041 0 |a und 
044 |a xx 
245 1 |a Sbírka pramenův ku poznání literárního života v Čechách, na Moravě a v Slezku 
260 |a Praha  |b III.třída české akademie císaře Františka Josefa  |c 1897 
958 |a ONDV 
999 |c 890882  |d 892812 
952 |t P60, <04>, [BOOK], {604}  |a SNK  |b SNK  |y VYP  |7 0  |p 17A0145908  |o snkIB 50/3  |0 0  |1 0  |4 0  |d 1998-06-29  |l 0  |r 2005-01-02 00:00:00  |w 2026-02-24